|
|
|
|
| LEADER |
00893ncm a22002292a 4500 |
| 001 |
000481245 |
| 003 |
CZ BrMZK |
| 005 |
20110530111119.0 |
| 007 |
qu |
| 008 |
000105s1880 it f ita d |
| 040 |
|
|
|a BOA001
|b cze
|
| 072 |
|
7 |
|a 782
|x Divadelní hudba. Opera, opereta, muzikál
|2 Konspekt
|9 9
|
| 100 |
1 |
|
|a Ponchielli, Amilcare,
|d 1834-1886
|7 jn19990006633
|4 cmp
|
| 245 |
1 |
2 |
|a I Lituani
|h [hudebnina] :
|b dramma lirica di A. Ghislanzoni /
|c musica di Amilcare Ponchielli : riduzione per canto e pianoforte di M. Saladino
|
| 260 |
|
|
|a Milano :
|b Ricordi,
|c [1880?]
|
| 300 |
|
|
|a 387 s. ;
|c 4°
|
| 700 |
1 |
|
|a Ghislanzoni, Antonio,
|d 1824-1893
|7 jn19990002654
|4 lyr
|
| 700 |
1 |
|
|a Saladino, Michele,
|d 1835-1912
|7 xx0057687
|4 arr
|
| 910 |
|
|
|a BOA001
|b Mus4-0251.630
|
| 990 |
|
|
|a MU
|
| 991 |
|
|
|b 201105
|
| 996 |
6 |
|
|b 2619746886
|c Mus4-0251.630
|l MZK
|r Sklad / do 1 hodiny
|n 2
|w 000481245
|u 000010
|a 1
|e BOA001
|j MZK50
|s P
|